00771nam a2200217Ii 45000010005000000030009000050080041000140400033000550410008000880820013000961000033001092450065001422640053002073000012002603360026002723370028002983380027003269400050003539990017004039520133004202442CO-ViMGA241108s9999||||xx |||||||||||||| ||und|| aCO-ViMGAbspaerdacCO-ViMGA0 aspa04a327 N49v1 aRichard Milhous Nixon95166810aLa Verdadera Guerra:bLa tercera guerra mundial ha comenzado 1aBogotá, Colombia : Círculo de Lectores, 1981 avolumen atextbtxt2rdacontent aunmediatedbn2rdamedia avolumebnc2rdacarrier aidficha_siabuc: 2394. -- ficha_no_siabuc:2442 c46400d46400 001040708001aMEVIGERRbMEVIGERRcGENd2006-06-28o327 N49vpECA16871r2024-11-26 09:29:48tEj.1w2024-11-26yBKz2394 | 2847